| 000 -LEADER |
| fixed length control field |
00395nam a22001331a 4500 |
| 082 ## - DEWEY DECIMAL CLASSIFICATION NUMBER |
| Classification number |
S 011.44 |
| Item number |
JAG/G |
| 245 ## - TITLE STATEMENT |
| Title |
Gurukul Abhilekhakar ki durlabh sahitya sampada/ |
| 260 ## - PUBLICATION, DISTRIBUTION, ETC. (IMPRINT) |
| Place of publication |
Haridwar: |
| Name of publisher |
Swami Sradhananda Anusandhan Prakasan Kendra, |
| Year of publication |
2011. |
| 300 ## - PHYSICAL DESCRIPTION |
| Number of Pages |
615p. |
| 650 ## - SUBJECT ADDED ENTRY--TOPICAL TERM |
| Topical Term |
Bibliography Gurukul Publishers |
| 650 ## - SUBJECT ADDED ENTRY--TOPICAL TERM |
| Topical Term |
Bibliography Rare Literature |
| 650 ## - SUBJECT ADDED ENTRY--TOPICAL TERM |
| Topical Term |
Bibliography |
| 942 ## - ADDED ENTRY ELEMENTS (KOHA) |
| Koha item type |
Book |